History Quiz

Random History or Letter Quiz

American Revolution A-Z Quiz Stats

 Plays Quiz Updated Nov 1, 2017

Challenge
Share
Tweet
Embed
Score 0/24 Timer 07:00
9 Plays Today
Letter Answer % Correct
FFrance
92.5%
DThe Declaration of Independence
91%
AAdams (John and Samuel)
90.7%
JThomas Jefferson
88%
UUnited States of America
84.2%
RPaul Revere
82.2%
MMinutemen
81%
BBattle of Bunker Hill
70.1%
HPatrick Henry
69.3%
YYorktown
67.5%
CContinental Congress
64.6%
VValley Forge
63.7%
Letter Answer % Correct
PTreaty of Paris
61.1%
QThe Quartering Act
58%
TFort Ticonderoga
52.4%
SBattle of Saratoga
49.4%
IThe Intolerable Acts
37.5%
LLieutenant General
32.9%
EEvacuation Day
22.9%
OThe Olive Branch Petition
17.8%
NFrederick North (Lord North)
16.8%
KBattle of King's Mountain
9.4%
GBattle of Guilford Court House
9.2%
WBattle of Waxhaws
4.8%

You're not logged in!

Compare scores with friends on all Sporcle quizzes.
OR
Log In

You Might Also Like...

Show Comments

Extras

Top Quizzes Today


Score Distribution

Your Account Isn't Verified!

In order to create a playlist on Sporcle, you need to verify the email address you used during registration. Go to your Sporcle Settings to finish the process.

Report this User

Report this user for behavior that violates our Community Guidelines.

Details: